Normal view
MARC view
Entry Uniform Title
001 - CONTROL NUMBER
- control field: 4748
003 - CONTROL NUMBER IDENTIFIER
- control field: TZ-ArACH
005 - DATE AND TIME OF LATEST TRANSACTION
- control field: 20120308145436.0
008 - FIXED-LENGTH DATA ELEMENTS
- fixed length control field: 120308|||a|||||| | ||| d
040 ## - CATALOGING SOURCE
- Original cataloging agency: TZ-ArACH
- Transcribing agency: TZ-ArACH
130 ## - HEADING--UNIFORM TITLE
- Uniform title: Déclaration universelle des droits de l'homme
- General subdivision: Ouvrages pour la jeunesse.
670 ## - SOURCE DATA FOUND
- Source citation: Work cat.: (TZ-ArACH)800: Le livre des droits de l'homme /, 2005
670 ## - SOURCE DATA FOUND
- Source citation: Work cat.: (TZ-ArACH)800: Le livre des droits de l'homme /, 2005
